| 000 | 01494cam a22004454i 4500 | ||
|---|---|---|---|
| 003 | PE-LiUPU | ||
| 005 | 20250731173456.0 | ||
| 008 | 150616s1993 sp r 000 0 spa d | ||
| 035 | _a(Sirsi) a6592 | ||
| 040 |
_aPE-LiUPU _bspa _cPE-LiUPU _erda |
||
| 049 | _aPRUA | ||
| 082 | 0 | 4 |
_a227.87 _bP59 _221 |
| 100 | 1 |
_aPink, Arthur W., _eautor. |
|
| 245 | 1 | 3 |
_aAn Exposition of Hebrews / _cArthur W. Pink. |
| 264 | 1 |
_aGrand Rapids, Michigan : _bBaker Book House, _c1993. |
|
| 300 |
_a1307 páginas ; _c21 centímetros |
||
| 336 |
_atext _2rdacontent |
||
| 337 |
_aunmediated _2rdamedia |
||
| 338 |
_avolume _2rdacarrier |
||
| 505 | 0 | _aCrítica e interpretación del libro de Hebreos. | |
| 526 | _aSEG42 | ||
| 526 | _aSEG41 | ||
| 526 | _aSEG40 | ||
| 526 | _aSEG39 | ||
| 526 | _aP94 | ||
| 526 | _aP87 | ||
| 526 | _aP86 | ||
| 526 | _aP85 | ||
| 526 | _aP77 | ||
| 526 | _aP76 | ||
| 526 | _aP35 | ||
| 630 | 0 | 4 |
_aBiblia. _pN.T. _pHebreos _xCrítica, interpretación, etc. |
| 910 |
_ajck _bjvq _cjck |
||
| 942 |
_2ddc _cBOOK |
||
| 949 |
_a227.87 P59 _wDEWEY _c1 _i39965 _lCCODEBUL1 _mBUL _p30.00 _r0 _sY _tBOOK _u19951204 _xTEOLOGIA _zUNKNOWN _0COMPRA _o.STAFF. Colección Teología |
||
| 994 |
_aC0 _bPEPRU |
||
| 596 | _a1 | ||
| 999 |
_a227.87 P59 _wDEWEY _c57742 _i39965 _d57742 _e2017-5-28 _f2021-11-9 _g5 _lCCODEBUL1 _mBUL _n6 _p30.00 _q8 _r0 _sY _tBOOK _u2015-6-16 _xTEOLOGIA _zUNKNOWN _0COMPRA _o.STAFF. Colección Teología |
||
| 980 |
_81 _gALBERTO SANCHEZ Responsable de Automatización |
||